[Event "34th Leon Blitz Open 2021"]
[Site "chess.com INT"]
[Date "2021.07.07"]
[Round "1"]
[White "Matveev, Vladimir3"]
[Black "Agrest, Inna"]
[Result "1-0"]
[WhiteTitle "FM"]
[BlackTitle "WIM"]
[WhiteElo "2344"]
[BlackElo "2276"]
[WhiteFideId "24130753"]
[BlackFideId "1708830"]
[EventDate "2021.07.07"]

1. d4 Nf6 2. c4 g6 3. Nc3 Bg7 4. e4 d6 5. Be2 O-O 6. Nf3 Nbd7 7. O-O e5 8. Be3
Re8 9. d5 Nh5 10. g3 Bf8 11. Ne1 Ng7 12. Nd3 Be7 13. Qd2 f5 14. f3 Nf6 15. c5
Rf8 16. b4 h5 17. Rac1 h4 18. cxd6 cxd6 19. exf5 Nxf5 20. Bf2 hxg3 21. hxg3 Nd4
22. Kg2 Qd7 23. Rh1 Rf7 24. Rh6 Rg7 25. Rch1 Kf7 26. Bxd4 exd4 27. Ne4 Nxd5 28.
Nf4 Ne3+ 29. Kf2 Nf5 30. Rh8 d5 31. Nc5 Bxc5 32. bxc5 Qc6 33. g4 Qxc5 34. Nd3
Qd6 35. gxf5 Bxf5 36. Qf4 Qxf4 37. Nxf4 Rxh8 38. Rxh8 d3 39. Bxd3 Bxd3 40. Nxd3
Ke6 41. Rb8 Kd6 42. Rd8+ Ke6 43. Nf4+ Ke5 44. Nxd5 Rh7 45. Kg2 Ke6 46. Nf4+ Kf5
47. Nd3 Re7 48. Rd5+ Kf6 49. Kf2 Rc7 50. Nc5 b6 51. Ne4+ Kg7 52. Rd2 Kf7 53. Ke3
Kg7 54. Kf4 Rf7+ 55. Ke3 Rc7 56. Rg2 Kf7 57. Kd4 Rd7+ 58. Ke5 Rd3 59. f4 Ra3 60.
Nd6+ Kg7 61. Nc4 Ra4 62. Rc2 Kh6 63. Nd6 Ra5+ 64. Kf6 Kh5 65. Rg2 Ra4 66. Ke5
Ra5+ 67. Kf6 Ra4 68. f5 gxf5 69. Nxf5 Ra3 70. Rg5# 1-0

[Event "34th Leon Blitz Open 2021"]
[Site "chess.com INT"]
[Date "2021.07.07"]
[Round "1"]
[White "Delgadillo, Adonay"]
[Black "Fernandez, Daniel Howard"]
[Result "0-1"]
[WhiteTitle "FM"]
[BlackTitle "GM"]
[WhiteElo "2236"]
[BlackElo "2487"]
[WhiteFideId "3301915"]
[BlackFideId "5801605"]
[EventDate "2021.07.07"]

1. e4 c6 2. d4 d5 3. exd5 cxd5 4. c4 Nf6 5. Nc3 e6 6. Bg5 Be7 7. Nf3 O-O 8. Bd3
dxc4 9. Bxc4 a6 10. a4 Nc6 11. O-O Nb4 12. Ne5 Bd7 13. Qb3 Bc6 14. Bxf6 gxf6 15.
Nxc6 bxc6 16. Qd1 f5 17. Qd2 Bg5 18. f4 Bf6 19. Rad1 a5 20. Rf3 Kh8 21. Rh3 Rg8
22. Na2 Nd5 23. Rb3 Rb8 24. Rxb8 Qxb8 25. Nc3 Qxf4 26. Qxf4 Nxf4 27. g3 h5 28.
Kf2 Nd5 29. Ne2 h4 30. b3 hxg3+ 31. hxg3 Kg7 32. Kf3 Rh8 33. Rc1 Nb4 34. Rd1 Rd8
35. Rd2 c5 36. d5 exd5 37. Bd3 Bg5 38. Rd1 c4 39. Bxf5 cxb3 40. Rb1 d4 41. Rxb3
d3 42. Nc3 d2 43. Nd1 Re8 44. g4 Re1 45. Rb1 Nd5 46. Bc2 Kf6 47. Rb5 Ne3 48.
Nxe3 Rxe3+ 49. Kf2 Re1 50. Rf5+ Kg6 51. Rxa5+ Kh6 52. Rd5 Rc1 53. Bb3 Rc3 54.
Bd1 f6 55. a5 Ra3 56. Ke2 Bf4 57. Bc2 Re3+ 58. Kf2 Rc3 59. Bd1 Kg6 60. a6 Ra3
61. Bc2+ Kf7 62. Rd7+ Ke8 63. Rh7 Rxa6 64. Ke2 Re6+ 65. Kf3 Bg5 66. Rh8+ Ke7 67.
Rh7+ Kd6 68. Rh8 Re3+ 69. Kf2 Rc3 70. Bd1 Ke5 71. Rd8 Ke4 72. Re8+ Kf4 73. Rd8
Bh4+ 74. Ke2 Be1 75. Rd4+ Kg5 76. Rd5+ Kh4 77. Kf1 Rg3 78. Be2 Re3 79. Bd1 Kg3
80. Be2 Re4 81. Bd1 Rf4+ 82. Ke2 Kxg4 83. Ke3+ Kg3 84. Rd8 Rf5 85. Rg8+ Rg5 86.
Rf8 Re5+ 87. Kd3 f5 88. Kd4 Kf4 89. Rh8 Re4+ 90. Kd3 Re3+ 91. Kd4 Ra3 92. Kc4
Ra1 93. Be2 d1=Q 94. Bxd1 Rxd1 0-1

[Event "34th Leon Blitz Open 2021"]
[Site "chess.com INT"]
[Date "2021.07.07"]
[Round "2"]
[White "Jimenez Martinez, Jose Vicente"]
[Black "Lopez Idarraga, Daniel Eduardo"]
[Result "1-0"]
[WhiteTitle "FM"]
[BlackTitle "FM"]
[WhiteElo "2271"]
[BlackElo "2009"]
[WhiteFideId "2264021"]
[BlackFideId "4405501"]
[EventDate "2021.07.07"]

1. d4 d5 2. c4 c6 3. Nf3 Nf6 4. Nc3 a6 5. a4 e6 6. Bg5 Nbd7 7. e3 Qa5 8. Nd2
dxc4 9. Bxf6 Nxf6 10. Nxc4 Qc7 11. Bd3 Bb4 12. Qc2 O-O 13. O-O b6 14. Ne5 Bb7
15. Ne4 Nxe4 16. Bxe4 f5 17. Bxc6 Rac8 18. Qb3 1-0

[Event "34th Leon Blitz Open 2021"]
[Site "chess.com INT"]
[Date "2021.07.07"]
[Round "2"]
[White "Riehle, Marco"]
[Black "Rasulov, Vugar"]
[Result "0-1"]
[WhiteTitle "FM"]
[BlackTitle "GM"]
[WhiteElo "2347"]
[BlackElo "2478"]
[WhiteFideId "12904392"]
[BlackFideId "13402390"]
[EventDate "2021.07.07"]

1. e4 e5 2. Nf3 Nc6 3. Bc4 Bc5 4. c3 Nf6 5. d4 exd4 6. cxd4 Bb4+ 7. Kf1 d5 8.
exd5 Nxd5 9. Nc3 Be6 10. Qd3 Be7 11. a3 O-O 12. h4 h6 13. Ng5 Bxg5 14. hxg5 Nxc3
15. bxc3 Ne5 16. dxe5 Bxc4 17. Qxc4 Qd1# 0-1

[Event "34th Leon Blitz Open 2021"]
[Site "chess.com INT"]
[Date "2021.07.07"]
[Round "2"]
[White "Liyanage, Ranindu Dilshan"]
[Black "Delgadillo, Adonay"]
[Result "0-1"]
[WhiteTitle "CM"]
[BlackTitle "FM"]
[WhiteElo "2203"]
[BlackElo "2236"]
[WhiteFideId "9915834"]
[BlackFideId "3301915"]
[EventDate "2021.07.07"]

1. e4 c5 2. Nf3 d6 3. d4 cxd4 4. Nxd4 Nf6 5. Nc3 a6 6. h3 g6 7. g4 Bg7 8. Bg2
Nc6 9. Nxc6 bxc6 10. e5 Nd5 11. Nxd5 cxd5 12. Bxd5 Rb8 13. exd6 Qxd6 14. O-O h5
15. Bf3 Bd4 16. c3 Qg3+ 17. Bg2 Bb7 0-1

[Event "34th Leon Blitz Open 2021"]
[Site "chess.com INT"]
[Date "2021.07.07"]
[Round "2"]
[White "Gabriel, Robert"]
[Black "Sjugirov, Sanan"]
[Result "0-1"]
[WhiteTitle "FM"]
[BlackTitle "GM"]
[WhiteElo "2236"]
[BlackElo "2661"]
[WhiteFideId "4606477"]
[BlackFideId "4189302"]
[EventDate "2021.07.07"]

1. d4 Nf6 2. c4 g6 3. Nc3 Bg7 4. e4 O-O 5. Nf3 d6 6. Be2 Na6 7. h3 e5 8. dxe5
dxe5 9. Qxd8 Rxd8 10. Bg5 c6 11. O-O Re8 12. Rfe1 Nc5 13. Bf1 a5 14. b3 Nh5 15.
Rad1 Nf4 16. Kh2 h6 17. Bxf4 exf4 18. g3 fxg3+ 19. fxg3 Bxc3 0-1

[Event "34th Leon Blitz Open 2021"]
[Site "chess.com INT"]
[Date "2021.07.07"]
[Round "2"]
[White "Gallegos Diaz, Carlos Alberto"]
[Black "Shreyans, K. Shah"]
[Result "1-0"]
[WhiteTitle "IM"]
[BlackTitle "CM"]
[WhiteElo "2374"]
[BlackElo "2237"]
[WhiteFideId "3900886"]
[BlackFideId "5029074"]
[EventDate "2021.07.07"]

1. e4 e6 2. d3 d5 3. Nd2 Nf6 4. Ngf3 Nc6 5. c3 a5 6. e5 Nd7 7. d4 f6 8. exf6
Nxf6 9. Bb5 Bd7 10. O-O Bd6 11. Re1 O-O 12. Bxc6 bxc6 13. Ne5 c5 14. Ndf3 Ne4
15. Nxd7 Qxd7 16. dxc5 Bxc5 17. Rxe4 Bxf2+ 18. Kxf2 dxe4 19. Qxd7 exf3 20. gxf3
Rad8 21. Qxe6+ Kh8 22. Be3 1-0

[Event "34th Leon Blitz Open 2021"]
[Site "chess.com INT"]
[Date "2021.07.07"]
[Round "2"]
[White "Khabinets, Ivan"]
[Black "Chitlange, Sakshi"]
[Result "1/2-1/2"]
[BlackTitle "WIM"]
[WhiteElo "1980"]
[BlackElo "2167"]
[WhiteFideId "14115980"]
[BlackFideId "35002899"]
[EventDate "2021.07.07"]

1. e4 c6 2. Nc3 d5 3. Nf3 dxe4 4. Nxe4 Nf6 5. Qe2 Nxe4 6. Qxe4 Qd5 7. Qf4 Qf5 8.
Qe3 e6 9. Bd3 Qc5 10. b3 Qxe3+ 11. fxe3 f6 12. Bb2 e5 13. O-O-O Be6 14. Rhg1 Nd7
15. g4 Nc5 16. Be2 Ne4 17. Rdf1 O-O-O 18. g5 Bb4 19. Bd3 Nc5 20. Be2 Ne4 21. Rd1
Nf2 22. Rdf1 Ne4 1/2-1/2

[Event "34th Leon Blitz Open 2021"]
[Site "chess.com INT"]
[Date "2021.07.07"]
[Round "2"]
[White "Sarana, Alexey"]
[Black "Taylor, Gordon"]
[Result "1-0"]
[WhiteTitle "GM"]
[BlackTitle "FM"]
[WhiteElo "2640"]
[BlackElo "2309"]
[WhiteFideId "24133795"]
[BlackFideId "2600250"]
[EventDate "2021.07.07"]

1. e4 b5 2. Bxb5 e6 3. Nf3 a6 4. Bd3 Nc6 5. O-O Bd6 6. Re1 Qf6 7. Bf1 Ne5 8.
Nxe5 Bxe5 9. c3 c5 10. g3 Bc7 11. d4 cxd4 12. cxd4 Ne7 13. e5 Qf5 14. Bd3 Qh3
15. Be4 Rb8 16. Bg2 Qf5 17. Be4 Qh3 18. Nc3 O-O 19. d5 exd5 20. Nxd5 Nxd5 21.
Bxd5 Bb7 22. b3 Bxd5 23. Qxd5 Rb5 24. Qd4 Bb6 25. Qd3 Re8 26. Bf4 f6 27. exf6
Rxe1+ 28. Rxe1 Rh5 29. Re8+ Kf7 30. Re7+ Kxf6 31. Qd6+ Kf5 32. Qxd7+ Kf6 33.
Rf7+ Kg6 34. Rxg7+ Kf6 35. Qf7# 1-0

[Event "34th Leon Blitz Open 2021"]
[Site "chess.com INT"]
[Date "2021.07.07"]
[Round "2"]
[White "Rodriguez, Santiago"]
[Black "Guevara Sanchez, Erick Marvin"]
[Result "1-0"]
[WhiteTitle "CM"]
[BlackTitle "FM"]
[WhiteElo "2252"]
[BlackElo "2173"]
[WhiteFideId "3000591"]
[BlackFideId "6700136"]
[EventDate "2021.07.07"]

1. d4 f5 2. Nc3 Nf6 3. Bg5 Ne4 4. Nxe4 fxe4 5. f3 h6 6. Bh4 g5 7. Bg3 d5 8. fxe4
dxe4 9. e3 Bg7 10. Qh5+ Kf8 11. Bc4 e6 12. Ne2 Nc6 13. O-O+ Kg8 14. Rf7 Bd7 15.
Raf1 Rh7 16. Qg6 Ne7 17. Bxe6 Bxe6 18. Qxe6 Kh8 19. Rxe7 c5 20. Rff7 Qg8 21. Be5
Bxe5 22. Qxe5+ 1-0

[Event "34th Leon Blitz Open 2021"]
[Site "chess.com INT"]
[Date "2021.07.07"]
[Round "2"]
[White "Gorodetzky, David"]
[Black "De Silva, L M S T"]
[Result "1-0"]
[WhiteTitle "IM"]
[BlackTitle "FM"]
[WhiteElo "2496"]
[BlackElo "2085"]
[WhiteFideId "2813416"]
[BlackFideId "9953698"]
[EventDate "2021.07.07"]

1. d4 Nf6 2. Nf3 e6 3. Bf4 d5 4. e3 Bd6 5. Bxd6 Qxd6 6. c4 O-O 7. Nc3 c6 8. Rc1
Nbd7 9. a3 e5 10. cxd5 Nxd5 11. dxe5 Nxe5 12. Be2 Be6 13. e4 Nxf3+ 14. gxf3 Qe5
15. exd5 cxd5 16. f4 Qxf4 17. Qd2 Qf6 18. Rg1 d4 19. Ne4 Qe5 20. Qg5 f5 21. f4 1-0

[Event "34th Leon Blitz Open 2021"]
[Site "chess.com INT"]
[Date "2021.07.07"]
[Round "2"]
[White "Arpita, Mukherjee"]
[Black "Vasquez Schroeder, Rodrigo"]
[Result "0-1"]
[WhiteTitle "WIM"]
[BlackTitle "GM"]
[WhiteElo "2206"]
[BlackElo "2459"]
[WhiteFideId "5056403"]
[BlackFideId "3400042"]
[EventDate "2021.07.07"]

1. e4 e5 2. Nf3 Nc6 3. Bb5 a6 4. Ba4 Nf6 5. d3 d6 6. O-O g6 7. c3 Bg7 8. Re1 O-O
9. h3 Bd7 10. d4 Qe8 11. d5 Ne7 12. Bxd7 Nxd7 13. c4 h6 14. Nc3 f5 15. exf5 gxf5
16. Qe2 Qf7 17. Bd2 Rae8 18. b4 e4 19. Nh4 Bf6 20. Nxf5 Nxf5 21. Qg4+ Ng7 22.
Re2 h5 23. Qf4 Qg6 24. Qh2 Ne5 25. Kh1 Nxc4 26. Rc1 Nxd2 27. Rxd2 Bg5 0-1

[Event "34th Leon Blitz Open 2021"]
[Site "chess.com INT"]
[Date "2021.07.07"]
[Round "2"]
[White "Vallejo Diaz, Javier"]
[Black "Bluebaum, Matthias"]
[Result "0-1"]
[WhiteTitle "FM"]
[BlackTitle "GM"]
[WhiteElo "2365"]
[BlackElo "2669"]
[WhiteFideId "2256398"]
[BlackFideId "24651516"]
[EventDate "2021.07.07"]

1. e4 c6 2. d4 d5 3. Nd2 dxe4 4. Nxe4 Nf6 5. Ng3 h5 6. h4 c5 7. Nf3 Bg4 8. Be3
cxd4 9. Bxd4 Nc6 10. Bxf6 exf6 11. Qxd8+ Rxd8 12. Bb5 Bxf3 13. gxf3 g6 14. O-O
f5 15. Rfe1+ Be7 16. Ne2 Kf8 17. Bxc6 bxc6 18. Rad1 Bxh4 19. Rxd8+ Bxd8 20. Nd4
c5 21. Nc6 Bb6 22. Re7 Kg7 23. Nxa7 Ra8 24. Nc6 Rxa2 25. Rb7 Rxb2 26. Ne5 c4 27.
Rxf7+ Kh6 28. Nxc4 Bxf2+ 29. Kf1 Rxc2 30. Ne5 Bg3 31. Re7 Bxe5 32. Rxe5 Kg5 0-1

[Event "34th Leon Blitz Open 2021"]
[Site "chess.com INT"]
[Date "2021.07.07"]
[Round "2"]
[White "Dong, Bao Nghia"]
[Black "Yilmaz, Mustafa"]
[Result "0-1"]
[WhiteTitle "CM"]
[BlackTitle "GM"]
[WhiteElo "2227"]
[BlackElo "2630"]
[WhiteFideId "12400343"]
[BlackFideId "6302718"]
[EventDate "2021.07.07"]

1. d4 Nf6 2. c4 c5 3. e3 g6 4. Nc3 Bg7 5. Nf3 cxd4 6. exd4 O-O 7. Be2 d5 8. c5
Ne4 9. h3 b6 10. cxb6 axb6 11. O-O Nxc3 12. bxc3 Ba6 13. Bf4 Nc6 14. a4 Qd7 15.
Re1 Rfc8 16. Qb3 Bxe2 17. Rxe2 Na5 18. Qxb6 Rxc3 19. Ne5 Qc8 20. Qb4 e6 21. Nd7
Rb3 22. Qe7 Rb7 23. Nf6+ Kh8 24. Qd6 Nc4 0-1

[Event "34th Leon Blitz Open 2021"]
[Site "chess.com INT"]
[Date "2021.07.07"]
[Round "2"]
[White "Baskin, Robert"]
[Black "Mogirzan, Matei-Valeriu"]
[Result "0-1"]
[WhiteTitle "IM"]
[BlackTitle "CM"]
[WhiteElo "2390"]
[BlackElo "1813"]
[WhiteFideId "24662402"]
[BlackFideId "1257455"]
[EventDate "2021.07.07"]

1. d4 Nf6 2. c4 g6 3. g3 Bg7 4. Bg2 c5 5. dxc5 Qa5+ 6. Nc3 Qxc5 7. Qa4 a6 8. Be3
Qc7 9. Rc1 O-O 10. Nh3 d6 11. Nf4 Bd7 12. Qb3 Bc6 13. Nfd5 Bxd5 14. Nxd5 Nxd5
15. cxd5 Qd7 16. Bb6 Qb5 17. Qxb5 axb5 18. Rc7 Rxa2 19. O-O Rxb2 20. e3 Bf6 21.
Rxb7 b4 22. Ra1 b3 23. Ra8 Rb1+ 24. Bf1 b2 25. Bd4 Bxd4 26. exd4 Nd7 27. Ra2 Rb8
28. Raxb2 Rxb7 0-1

[Event "34th Leon Blitz Open 2021"]
[Site "chess.com INT"]
[Date "2021.07.07"]
[Round "2"]
[White "Harshavardhan, G B"]
[Black "Onischuk, Vladimir"]
[Result "0-1"]
[WhiteTitle "IM"]
[BlackTitle "GM"]
[WhiteElo "2397"]
[BlackElo "2622"]
[WhiteFideId "25059009"]
[BlackFideId "14114038"]
[EventDate "2021.07.07"]

1. d4 d6 2. c4 e5 3. Nf3 e4 4. Ng1 f5 5. Nc3 Nf6 6. g3 g6 7. Nh3 Bg7 8. Nf4 O-O
9. h4 Re8 10. Bg2 c6 11. e3 Na6 12. b3 Nc7 13. Bb2 Ne6 14. Nce2 d5 15. Qd2 b5
16. cxb5 cxb5 17. O-O a5 18. Rac1 Nf8 19. Rc5 Ba6 20. Rfc1 Rc8 21. Rxc8 Bxc8 22.
f3 h6 23. fxe4 fxe4 24. Rc5 g5 25. hxg5 hxg5 26. Nh3 Ne6 27. Rxb5 Ba6 28. Rxa5
Bxe2 29. Ra7 Bf3 30. Bf1 Qb8 31. Rxg7+ Kxg7 0-1

[Event "34th Leon Blitz Open 2021"]
[Site "chess.com INT"]
[Date "2021.07.07"]
[Round "2"]
[White "Fernandez, Daniel Howard"]
[Black "Baches Garcia, Guillermo"]
[Result "1-0"]
[WhiteTitle "GM"]
[BlackTitle "IM"]
[WhiteElo "2487"]
[BlackElo "2329"]
[WhiteFideId "5801605"]
[BlackFideId "2209764"]
[EventDate "2021.07.07"]

1. Nf3 d5 2. e3 Nf6 3. c4 e6 4. b3 Be7 5. Be2 O-O 6. O-O b6 7. Bb2 Bb7 8. Ne5
Nbd7 9. f4 c5 10. Bf3 Qc7 11. d3 Bd6 12. Nxd7 Nxd7 13. Nd2 Rad8 14. Qe2 Rfe8 15.
g3 e5 16. Bxd5 Bxd5 17. cxd5 exf4 18. gxf4 Bxf4 19. Nc4 b5 20. Qg2 Bh6 21. d6
Qb8 22. Rxf7 Kxf7 23. Qd5+ Re6 24. Rf1+ Nf6 25. Ne5+ Kf8 26. Qxe6 Bxe3+ 27. Kg2
Qb7+ 28. Kh3 Bd4 29. Bxd4 cxd4 30. d7 1-0

[Event "34th Leon Blitz Open 2021"]
[Site "chess.com INT"]
[Date "2021.07.07"]
[Round "2"]
[White "Zuriel, Marisa"]
[Black "Girya, Olga"]
[Result "0-1"]
[WhiteTitle "WIM"]
[BlackTitle "WGM"]
[WhiteElo "2203"]
[BlackElo "2448"]
[WhiteFideId "109142"]
[BlackFideId "4195752"]
[EventDate "2021.07.07"]

1. e4 c5 2. Nf3 e6 3. d4 cxd4 4. Nxd4 Nc6 5. Nc3 Qc7 6. f4 a6 7. Nxc6 dxc6 8.
Bd3 Nf6 9. Qe2 b5 10. a3 Bb7 11. e5 Nd5 12. Ne4 c5 13. c3 c4 14. Bc2 Be7 15. O-O
O-O-O 16. Kh1 f5 17. exf6 gxf6 18. a4 b4 19. a5 Kb8 20. f5 e5 21. Bd2 b3 22. Bb1
Rhg8 23. Ra4 Rc8 24. Be1 Nf4 25. Rxf4 exf4 26. Bf2 Qc6 27. Bg1 Qxa4 28. Qf2 Qc6
29. Qa7+ Kc7 30. Bb6+ Kd7 31. Bd4 Ra8 0-1

[Event "34th Leon Blitz Open 2021"]
[Site "chess.com INT"]
[Date "2021.07.07"]
[Round "2"]
[White "Matveev, Vladimir3"]
[Black "Svane, Rasmus"]
[Result "0-1"]
[WhiteTitle "FM"]
[BlackTitle "GM"]
[WhiteElo "2344"]
[BlackElo "2615"]
[WhiteFideId "24130753"]
[BlackFideId "4657101"]
[EventDate "2021.07.07"]

1. d4 d5 2. c4 e6 3. Nf3 a6 4. cxd5 exd5 5. Nc3 Nf6 6. Bg5 Be6 7. e3 Nbd7 8. Rc1
Bd6 9. Qb3 Qb8 10. Be2 O-O 11. O-O c6 12. Bh4 Re8 13. Rfd1 Bf5 14. Bg3 Bxg3 15.
hxg3 h6 16. Na4 Re7 17. Nb6 Nxb6 18. Qxb6 Bg4 19. Rc2 Qd6 20. Rdc1 Bf5 21. Rc3
Ne4 22. Rb3 Rae8 23. Qb4 Qd8 24. Ne5 Qa8 25. Nd3 Qd8 26. Qe1 g6 27. Bf3 Nd6 28.
Nc5 h5 29. a4 Kg7 30. Rbc3 Rh8 31. b3 Bc8 32. Nd3 h4 33. g4 h3 34. g3 Ne4 35.
R3c2 Qd6 36. Kh2 Ng5 37. Bh1 Bxg4 38. b4 Bf3 39. b5 axb5 40. axb5 Qf6 41. Qb4
Bxh1 0-1

[Event "34th Leon Blitz Open 2021"]
[Site "chess.com INT"]
[Date "2021.07.07"]
[Round "2"]
[White "Ibarra Jerez, Jose Carlos"]
[Black "Bykov, Egor"]
[Result "1-0"]
[WhiteTitle "GM"]
[BlackTitle "FM"]
[WhiteElo "2558"]
[BlackElo "2420"]
[WhiteFideId "2226332"]
[BlackFideId "34115290"]
[EventDate "2021.07.07"]

1. e4 e5 2. Nf3 Nc6 3. d4 exd4 4. Nxd4 Nf6 5. Nxc6 bxc6 6. Bd3 d5 7. exd5 cxd5
8. O-O Be7 9. c4 d4 10. Bg5 O-O 11. Nd2 Rb8 12. Qc2 h6 13. Bh4 Ng4 14. Bxe7 Qxe7
15. Rfe1 Qd6 16. Nf3 Bb7 17. Bh7+ Kh8 18. Be4 Nf6 19. Bxb7 Rxb7 20. c5 Qd8 21.
Rad1 Qb8 22. b3 c6 23. Nxd4 Qc7 24. Nf5 Nd5 25. Nd6 Rb4 26. Qb2 Rf4 27. Re8 Kg8
28. Rxf8+ Kxf8 29. Re1 Nf6 30. Qe5 Re4 31. Rxe4 1-0

[Event "34th Leon Blitz Open 2021"]
[Site "chess.com INT"]
[Date "2021.07.07"]
[Round "2"]
[White "Demchenko, Anton"]
[Black "Dobre, Claudiu-Cristian"]
[Result "1-0"]
[WhiteTitle "GM"]
[BlackTitle "IM"]
[WhiteElo "2600"]
[BlackElo "2314"]
[WhiteFideId "4160258"]
[BlackFideId "1211854"]
[EventDate "2021.07.07"]

1. e4 e5 2. Nf3 Nf6 3. Nc3 Nc6 4. h3 d6 5. d4 exd4 6. Nxd4 Bd7 7. Bc4 Be7 8. O-O
O-O 9. Re1 Re8 10. Bf4 Bf8 11. Nf3 h6 12. a3 g6 13. Ba2 Bg7 14. Qd2 g5 15. Bg3
Nh5 16. Bh2 Ne5 17. Nd4 c6 18. f3 Qf6 19. Rad1 Rad8 20. Kh1 Ng6 21. Nde2 Bxh3
22. Ng1 Be6 23. Bxe6 Qxe6 24. Qf2 Be5 25. Nce2 Bxh2 26. Kxh2 Qe5+ 27. g3 g4 28.
Nd4 Nf6 29. Nf5 gxf3 30. Nxf3 Ng4+ 31. Kg2 Nxf2 32. Nxe5 dxe5 33. Kxf2 h5 34.
Rh1 h4 35. gxh4 Nf4 36. Kf3 Rxd1 37. Rxd1 f6 38. Rd7 Rf8 39. Rxb7 Ne6 40. Rxa7 1-0

[Event "34th Leon Blitz Open 2021"]
[Site "chess.com INT"]
[Date "2021.07.07"]
[Round "2"]
[White "Holt, Conrad"]
[Black "Toropov, Pavel"]
[Result "1-0"]
[WhiteTitle "GM"]
[BlackTitle "FM"]
[WhiteElo "2549"]
[BlackElo "2336"]
[WhiteFideId "2034387"]
[BlackFideId "24129178"]
[EventDate "2021.07.07"]

1. d4 d5 2. c4 c6 3. Nc3 Nf6 4. e3 a6 5. b3 Bf5 6. Bb2 e6 7. Nf3 Nbd7 8. Be2 Bd6
9. Nh4 Be4 10. O-O Qe7 11. g3 O-O 12. c5 Bc7 13. f3 Bg6 14. Nxg6 hxg6 15. f4 Ne4
16. Nxe4 dxe4 17. g4 f5 18. g5 b6 19. b4 a5 20. a3 b5 21. a4 bxa4 22. Qxa4 axb4
23. Qxc6 Rac8 24. Bc4 Rfe8 25. Ra6 Nf8 26. Ra7 Qd8 27. Ba6 Bxf4 28. Bxc8 Bxe3+
29. Kh1 Qxc8 30. d5 exd5 31. Rxg7+ Kh8 32. Rc7+ d4 33. Rxc8 1-0

[Event "34th Leon Blitz Open 2021"]
[Site "chess.com INT"]
[Date "2021.07.07"]
[Round "2"]
[White "Bures, Vit"]
[Black "Elgersma, Onno"]
[Result "1-0"]
[WhiteTitle "CM"]
[BlackTitle "FM"]
[WhiteElo "2144"]
[BlackElo "2298"]
[WhiteFideId "309052"]
[BlackFideId "1053531"]
[EventDate "2021.07.07"]

1. d4 d5 2. c4 e6 3. Nc3 Nf6 4. cxd5 exd5 5. Bg5 c6 6. e3 Bd6 7. Bd3 O-O 8. Nge2
h6 9. Bh4 Re8 10. Bg3 a5 11. Qc2 Na6 12. a3 Nc7 13. O-O Ne6 14. Rab1 Ng5 15. b4
h5 16. b5 Bxg3 17. hxg3 Qd6 18. bxc6 bxc6 19. Na4 Ng4 20. Rb6 Bd7 21. Nc5 h4 22.
Nxd7 hxg3 23. Nxg3 Qh6 24. Rc1 Rxe3 25. Rxc6 Qh2+ 26. Kf1 Rae8 27. Rc8 Nh3 28.
Rxe8+ Rxe8 29. gxh3 Qxh3+ 30. Kg1 Nh2 31. Be2 g6 32. Nf6+ 1-0

[Event "34th Leon Blitz Open 2021"]
[Site "chess.com INT"]
[Date "2021.07.07"]
[Round "2"]
[White "Nefedov, Sergey"]
[Black "Ibrahimli, Murad"]
[Result "0-1"]
[WhiteTitle "FM"]
[BlackTitle "IM"]
[WhiteElo "2313"]
[BlackElo "2436"]
[WhiteFideId "24113417"]
[BlackFideId "13410229"]
[EventDate "2021.07.07"]

1. d4 Nf6 2. Nf3 e6 3. c4 d5 4. Nc3 Be7 5. Bg5 O-O 6. e3 h6 7. Bh4 b6 8. Ne5 Bb7
9. cxd5 Nxd5 10. Bxe7 Qxe7 11. Bd3 c5 12. O-O cxd4 13. exd4 Nd7 14. Rc1 Rac8 15.
Re1 Nxe5 16. Nxd5 Bxd5 17. dxe5 Qb4 18. b3 Qh4 19. Ba6 Qg5 20. g3 Rxc1 21. Qxc1
Qf5 22. Qe3 Rd8 23. Bd3 Qg5 24. f4 Qe7 25. Rc1 Qb4 26. Bc4 Bb7 27. f5 exf5 28.
e6 fxe6 29. Bxe6+ Kh8 30. Bxf5 Rf8 31. g4 Qd6 32. h4 Qd5 33. Qe2 Qh1+ 34. Kf2
Qxc1 0-1

[Event "34th Leon Blitz Open 2021"]
[Site "chess.com INT"]
[Date "2021.07.07"]
[Round "2"]
[White "Gabrielian, Artur"]
[Black "Maltsevskaya, Aleksandra"]
[Result "1-0"]
[WhiteTitle "GM"]
[BlackTitle "WGM"]
[WhiteElo "2460"]
[BlackElo "2382"]
[WhiteFideId "4131002"]
[BlackFideId "24174041"]
[EventDate "2021.07.07"]

1. e4 c6 2. d4 d5 3. e5 Bf5 4. h4 h5 5. Bd3 Bxd3 6. Qxd3 Qa5+ 7. b4 Qa6 8. Qb3
e6 9. Nf3 Ne7 10. a4 Qc4 11. Nbd2 Qxb3 12. Nxb3 Nf5 13. c3 Nd7 14. Ke2 f6 15.
Bf4 Kf7 16. Na5 b6 17. Nxc6 Rc8 18. b5 a5 19. Kd3 Ne7 20. Nxe7 Bxe7 21. g3 Kg6
22. Rhe1 Kf5 23. Re2 Rc4 24. Nd2 Rcc8 25. Rae1 g5 26. exf6 Bb4 27. cxb4 axb4 28.
Re5+ Nxe5+ 29. Rxe5+ Kxf6 30. Rxg5 Rc3+ 31. Ke2 Ra8 32. Be5+ Kf7 33. Rg7+ Kf8
34. Rb7 b3 35. Rc7 Rxc7 36. Bxc7 b2 37. Bd6+ Ke8 38. Ba3 Rxa4 39. Bxb2 Rb4 40.
Bc3 Rxb5 41. f3 Kf7 42. g4 Kg6 43. Kd3 Kh6 44. Ke3 Kg6 45. Kf4 Kh6 46. Ke5 hxg4
47. fxg4 1-0

[Event "34th Leon Blitz Open 2021"]
[Site "chess.com INT"]
[Date "2021.07.07"]
[Round "2"]
[White "Iskusnyh, Sergei"]
[Black "Guseinov, Gadir"]
[Result "0-1"]
[WhiteTitle "GM"]
[BlackTitle "GM"]
[WhiteElo "2473"]
[BlackElo "2665"]
[WhiteFideId "4120027"]
[BlackFideId "13401378"]
[EventDate "2021.07.07"]

1. d4 Nf6 2. c4 g6 3. g3 Bg7 4. Bg2 O-O 5. Nc3 d6 6. Nf3 Nc6 7. O-O Bf5 8. d5
Na5 9. Nh4 Bd7 10. Qd3 c5 11. b3 a6 12. Bd2 b5 13. Rab1 Rb8 14. Ne4 Nxe4 15.
Bxe4 e6 16. dxe6 Bxe6 17. Bd5 Bxd5 18. Qxd5 Re8 19. Qd3 Nc6 20. Nf3 Qe7 21. e3
Qf6 22. Kg2 b4 23. Rbd1 Rbd8 24. Bc1 h6 25. Rd2 Qe6 26. Bb2 Bxb2 27. Rxb2 d5 28.
cxd5 Rxd5 29. Qc4 Na5 30. Qf4 Rf5 31. Qc7 Nc6 32. Nh4 Rd5 33. Rc2 Qe4+ 34. Kg1
Qxc2 35. Qxc6 Red8 36. Qxa6 Rd1 37. Rxd1 Qxd1+ 38. Kg2 Qd5+ 39. Nf3 Rd6 40. Qc8+
Kg7 41. Qe8 Re6 42. Qc8 Rf6 43. Qg4 h5 0-1